| 000 | 00431nam a2200169 a 4500 | ||
|---|---|---|---|
| 005 | 20160407115746.0 | ||
| 008 | 000825s19uu xx 00 eng d | ||
| 020 | _a1-56987-170-1 | ||
| 050 |
_aTR(PS E _bHe38 |
||
| 245 |
_aHenry: _bthe helicopter/ |
||
| 260 |
_aNew York: _bThe Landoll Apple, Ashland _c1994. |
||
| 300 | _a1 v. (unp.) ; ill. | ||
| 520 | _a. | ||
| 650 | _aHelicopter-Fiction | ||
| 942 | _2ddc | ||
| 999 |
_c103157 _d103157 |
||